Memoria
Tallennettuna:
| Yhteisötekijä: | |
|---|---|
| Aineistotyyppi: | Teksti |
| Julkaistu: |
San José:
CSUCA
|
| Tagit: |
Lisää tagi
Ei tageja, Lisää ensimmäinen tagi!
|
MARC
| LEADER | 00000 a a2200000 04500 | ||
|---|---|---|---|
| 001 | 25625 | ||
| 003 | |||
| 040 | |||
| 020 | |a 9977-02-018-3 | ||
| 090 | |a 175208 | ||
| 110 | |a CSUCA | ||
| 245 | |a Memoria | ||
| 260 | |a San José: |b CSUCA | ||
| 300 | |a 252 p |b fonodiscos |b escudos de armas | ||
| 999 | |c 2536 |d 2536 | ||



